000 00681nam a2200265Ia 4500
003 OSt
005 20221006151449.0
006 a|||||r|||| 00| 0
007 ta
008 221006b |||||||| |||| 00| 0 eng d
020 _c
_1.00
024 _a22,210
037 _cTextual
040 _aEASL
_cEASL
_beng
041 _2eng
_aeng
082 _aW8n1N4,N68, K8
100 _aUNITED NATIONS
245 0 _aDelegations to UN
_b 23rd Session, September 1968
260 _aNew York
_bUnited Nations
_c1968
300 _a262p.
_ccm.
490 _v RR
650 _aGen
942 _hW8n1N4,N68, K8
_cTEXL
_2CC
999 _c1090296
_d1090296